Southville International School and Colleges
Your cart is empty.
  • Cart
  • Lists
    Public lists Eva Luna New books Lux_list list_1
    Your lists Log in to create your own lists
  • Log in to your account
  • Your cookies
  • Search history
Southville International School and Colleges
  • Advanced search
  • Recent comments
  • Most popular
  • Libraries

Log in to your account

Log in with GOOGLE


If you do not have an external account, but do have a local account, you can still log in:

  1. Home
  2. MARC view: Selling the sea :
Normal view MARC view ISBD view

Selling the sea : (Record no. 356674)

[ view plain ]
MARC details
000 -LEADER
fixed length control field 00605nam a2200241Ia 4500
008 - FIXED-LENGTH DATA ELEMENTS--GENERAL INFORMATION
fixed length control field 180523s9999 xx 000 0 und d
020 ## - INTERNATIONAL STANDARD BOOK NUMBER
International Standard Book Number 978-0-471-74918-9
050 ## - LIBRARY OF CONGRESS CALL NUMBER
Classification number MAIN G 550
050 ## - LIBRARY OF CONGRESS CALL NUMBER
Item number .D53 2008
100 ## - MAIN ENTRY--PERSONAL NAME
Personal name Dickinson, Bob.
245 #0 - TITLE STATEMENT
Title Selling the sea :
245 #3 - TITLE STATEMENT
Remainder of title an inside look at the cruise industry /
245 #0 - TITLE STATEMENT
Statement of responsibility, etc Bob Dickinson.
250 ## - EDITION STATEMENT
Edition statement 2nd Edition
260 ## - PUBLICATION, DISTRIBUTION, ETC. (IMPRINT)
Place of publication, distribution, etc Australia :
260 ## - PUBLICATION, DISTRIBUTION, ETC. (IMPRINT)
Name of publisher, distributor, etc John Wiley & Sons,
260 ## - PUBLICATION, DISTRIBUTION, ETC. (IMPRINT)
Date of publication, distribution, etc 2008
300 ## - PHYSICAL DESCRIPTION
Extent 340 pages :
300 ## - PHYSICAL DESCRIPTION
Dimensions 24 cm.
500 ## - GENERAL NOTE
General note Includes index.
650 ## - SUBJECT ADDED ENTRY--TOPICAL TERM
Topical term or geographic name as entry element Ocean travel.
650 ## - SUBJECT ADDED ENTRY--TOPICAL TERM
General subdivision Cruise ships.
Holdings
Withdrawn status Lost status Damaged status Home library Current library Shelving location Date acquired Cost, normal purchase price Total Checkouts Full call number Barcode Date last seen Price effective from Koha item type
      South Mansfield College South Mansfield College   01/09/2008 2.00   MAIN G 550 .D53 2008 SMC03831 05/23/2018 05/23/2018  

Selling the sea :

APA

Dickinson B., .Selling the sea. Australia: .

Chicago

Dickinson Bob, .Selling the sea. Australia: .

Harvard

Dickinson B., .Selling the sea. Australia: .

MLA

Dickinson Bob, .Australia: . .

  • Place hold
  • Print
  • Cite
  • Add to your cart (remove)
  • Save record
    BIBTEX Dublin Core MARCXML MARC (non-Unicode/MARC-8) MARC (Unicode/UTF-8) MARC (Unicode/UTF-8, Standard) MODS (XML) RIS
  • More searches
    Search for this title in:
    Other Libraries (WorldCat) Other Databases (Google Scholar) Online Stores (Bookfinder.com) Open Library (openlibrary.org)

Exporting to Dublin Core...

SOUTHVILLE LIBRARY

Southville International School and Colleges Library

1281 Tropical Ave. Cor. Luxembourg St., BF Homes International, Las Pinas City

Tel. No. 8256374 / 252358 Loc. 117/146

Powered by Koha